000 00343nam a2200133Ia 4500
005 20260328101518.0
008 260328s9999||||xx |||||||||||||| ||und||
100 _aLaffont, Robert
245 0 _aLes visionnAires de l'Architecture /
_cRobert Laffont
260 _bMichel Ragon
300 _a131 p.
650 _aEDAD Contemporánea
942 _cBK
999 _c9459
_d9459